[Event "e2e4 Diamond Jubilee Premier"]
[Site "London ENG"]
[Date "2012.06.03"]
[Round "3.14"]
[White "Moss, Guy"]
[Black "Rudd, Jack"]
[Result "1/2-1/2"]
[BlackTitle "IM"]
[WhiteElo "1888"]
[BlackElo "2305"]
[WhiteFideId "2804620"]
[BlackFideId "405736"]
[EventDate "2012.06.02"]

1. e4 d6 2. d4 g6 3. Nf3 Bg7 4. Nc3 a6 5. Be3 e6 6. Be2 Ne7 7. O-O Nd7 8. Qd2 h6
9. h3 b6 10. Nh2 Bb7 11. f4 f5 12. e5 dxe5 13. fxe5 c5 14. Bc4 cxd4 15. Bxd4
Nxe5 16. Bxe6 Qd6 17. Bb3 O-O-O 18. Rad1 Ng4 19. hxg4 Bxd4+ 20. Kh1 h5 21. g5 h4
22. Rf4 h3 23. Qxd4 hxg2+ 24. Kg1 Qc7 25. Qf2 b5 26. Rxd8+ Rxd8 27. Rd4 Rh8 28.
Be6+ Kb8 29. Qf4 Qxf4 30. Rxf4 Rh3 31. Nd1 Rg3 32. Rf2 Rxg5 33. Ne3 f4 34. Nxg2
Re5 35. Bg4 g5 36. Re2 Nc6 37. Rxe5 Nxe5 38. Bf5 Kc7 39. Kf2 Kd6 40. Ne1 Nc4 41.
b3 Ne3 42. Bh3 Be4 43. Ng4 Nxc2 44. Nf6 Bg6 45. Nxc2 Bxc2 46. b4 Ke5 47. Ne8 Be4
48. Bc8 Kd4 49. Nf6 Bc6 50. Nh7 Kc3 51. Nxg5 Kxb4 52. Bxa6 Ka3 53. Bxb5 1/2-1/2

[Event "e2e4 Diamond Jubilee Premier"]
[Site "London ENG"]
[Date "2012.06.03"]
[Round "3.15"]
[White "Berry, Neil"]
[Black "Balaji, Ananthanarayanan"]
[Result "1-0"]
[WhiteTitle "FM"]
[WhiteElo "2308"]
[BlackElo "1834"]
[WhiteFideId "2400650"]
[BlackFideId "421197"]
[EventDate "2012.06.02"]

1. Nf3 d5 2. c4 c6 3. g3 e6 4. Bg2 f5 5. O-O Nf6 6. b3 Bd6 7. Bb2 O-O 8. d3 b6
9. Nc3 Qe8 10. e4 Be7 11. exd5 exd5 12. cxd5 Nxd5 13. Nxd5 cxd5 14. Re1 Qd8 15.
Nd4 Qd6 16. Rxe7 Qxe7 17. Bxd5+ Kh8 18. Bxa8 f4 19. Qe2 Qg5 20. Nf3 Qg6 21. Qe7
Re8 22. Bxg7+ 1-0

[Event "e2e4 Diamond Jubilee Premier"]
[Site "London ENG"]
[Date "2012.06.03"]
[Round "3.16"]
[White "Garnett, John S"]
[Black "White, Michael J R"]
[Result "0-1"]
[BlackTitle "FM"]
[WhiteElo "2008"]
[BlackElo "2272"]
[WhiteFideId "410829"]
[BlackFideId "407380"]
[EventDate "2012.06.02"]

1. d4 Nf6 2. Bg5 Ne4 3. Bf4 c5 4. f3 Qa5+ 5. c3 Nf6 6. d5 Qb6 7. b3 e6 8. e4
exd5 9. exd5 Bd6 10. Bg5 Be7 11. Ne2 O-O 12. Na3 d6 13. Nc4 Qd8 14. a4 Na6 15.
Qd3 Nc7 16. Ne3 Nfxd5 17. Bxe7 Nxe7 18. c4 d5 19. cxd5 Ncxd5 20. Rd1 Be6 21. Ng3
Qc7 22. Ne4 Rfd8 23. Nxd5 Rxd5 24. Qc2 Rxd1+ 25. Qxd1 Qb6 26. Nd2 Rd8 27. Qc2
Qb4 28. Bd3 Bf5 29. Bxf5 Nxf5 30. Qc1 Qd4 31. Rf1 Qe3+ 32. Kd1 Qxb3+ 33. Ke1
Qe3+ 34. Kd1 c4 35. Re1 Qd3 0-1

[Event "e2e4 Diamond Jubilee Premier"]
[Site "London ENG"]
[Date "2012.06.03"]
[Round "3.17"]
[White "Cafolla, Peter"]
[Black "Duport, Nicolas"]
[Result "0-1"]
[WhiteElo "1995"]
[BlackElo "2214"]
[WhiteFideId "2500884"]
[BlackFideId "1314424"]
[EventDate "2012.06.02"]

1. d4 e6 2. Nf3 Nf6 3. e3 b6 4. Bd3 Bb7 5. Nbd2 c5 6. c3 Nc6 7. a3 d5 8. O-O Qc7
9. b3 Be7 10. Bb2 O-O 11. Rc1 Rad8 12. Qe2 Rfe8 13. c4 Qb8 14. Rfd1 cxd4 15.
Nxd4 Nxd4 16. exd4 Qf4 17. c5 bxc5 18. dxc5 Rc8 19. b4 Red8 20. Be5 Qh6 21. Bd4
Nd7 22. Nf3 Bf6 23. Be3 Qh5 24. b5 Ba8 25. c6 Nb6 26. Bxb6 axb6 27. Re1 Rc7 28.
Ne5 Qxe2 29. Rxe2 Bb7 30. Rb1 Bc8 31. a4 Ra7 32. Reb2 0-1

[Event "e2e4 Diamond Jubilee Premier"]
[Site "London ENG"]
[Date "2012.06.03"]
[Round "3.18"]
[White "Sreeves, Clement"]
[Black "Armstrong, Malcolm J"]
[Result "1/2-1/2"]
[WhiteElo "2209"]
[BlackElo "2040"]
[WhiteFideId "2402564"]
[BlackFideId "409049"]
[EventDate "2012.06.02"]

1. e4 c6 2. d4 d5 3. Nc3 dxe4 4. Nxe4 Bf5 5. Ng3 Bg6 6. h4 h6 7. Nf3 Nd7 8. h5
Bh7 9. Bd3 Bxd3 10. Qxd3 Qc7 11. Bd2 Ngf6 12. O-O-O e6 13. Ne4 O-O-O 14. g3 Nxe4
15. Qxe4 Bd6 16. c4 c5 17. Bc3 Nf6 18. Qe2 cxd4 19. Rxd4 Bc5 20. Rf4 Qe7 21. Ne5
Rhf8 22. Qf3 Qc7 23. Kb1 Qb6 24. Nd3 Be7 25. Ne5 Bb4 26. c5 Bxc5 27. Rc1 Kb8 28.
Nc4 Qc6 29. Qxc6 bxc6 30. Na5 Rd5 31. Nxc6+ Kb7 32. Na5+ Ka6 33. g4 e5 34. Rc4
Bxf2 35. Nc6 Kb7 36. Bxe5 Be3 37. Re1 Bg5 38. Ne7 Rd7 39. Bxf6 Bxf6 40. Nf5 Rfd8
41. a3 Rd1+ 42. Rxd1 Rxd1+ 43. Kc2 Rd7 44. b4 a6 45. a4 Rd5 46. a5 Rd7 47. Ng3
g6 48. Ne4 Be7 49. hxg6 fxg6 50. Kb3 h5 1/2-1/2

[Event "e2e4 Diamond Jubilee Premier"]
[Site "London ENG"]
[Date "2012.06.03"]
[Round "3.19"]
[White "Brown, Martin"]
[Black "Waterfield, John W"]
[Result "1-0"]
[WhiteElo "2183"]
[BlackElo "2009"]
[WhiteFideId "401480"]
[BlackFideId "407143"]
[EventDate "2012.06.02"]

1. e4 c5 2. Nf3 g6 3. d4 cxd4 4. Nxd4 Nc6 5. c4 d6 6. Nc3 Bg7 7. Be3 Nf6 8. Be2
O-O 9. O-O Nd7 10. Rb1 a5 11. Ndb5 Nc5 12. f4 b6 13. Bf3 Bb7 14. Qe2 Na7 15. Bf2
Nxb5 16. Nxb5 Qb8 17. Rfe1 e5 18. Rbd1 Rd8 19. g3 Bc6 20. Nc3 Ra7 21. f5 Re8 22.
g4 Rd7 23. Bg2 f6 24. b3 Bh6 25. Qc2 gxf5 26. gxf5 Kh8 27. Kh1 Rg8 28. a3 Rdg7
29. Rg1 Qc7 30. b4 Nd7 31. Qd3 axb4 32. axb4 Rxg2 33. Rxg2 Rxg2 34. Kxg2 Bf8 35.
Kh1 Qd8 36. Nd5 Qa8 37. Rg1 Bxd5 38. exd5 Qe8 39. Qg3 Qf7 40. Be3 b5 41. Qg2
bxc4 42. h3 Bg7 43. b5 Nb8 44. b6 Qb7 45. Bh6 1-0

[Event "e2e4 Diamond Jubilee Premier"]
[Site "London ENG"]
[Date "2012.06.03"]
[Round "3.20"]
[White "Olsson, Tomas"]
[Black "Martinsen, Stig K"]
[Result "1-0"]
[WhiteElo "1992"]
[BlackElo "2169"]
[WhiteFideId "1702696"]
[BlackFideId "1502824"]
[EventDate "2012.06.02"]

1. d4 d6 2. c4 f5 3. g3 Nf6 4. Bg2 g6 5. Nc3 Bg7 6. d5 Nbd7 7. Nf3 Nc5 8. Nd4 a5
9. O-O O-O 10. e3 Bd7 11. b3 Qe8 12. Bb2 g5 13. Nce2 Qg6 14. a3 Rfc8 15. Rb1 c6
16. b4 axb4 17. axb4 Na4 18. Ba1 cxd5 19. cxd5 Ne4 20. f3 Nec3 21. Nxc3 Nxc3 22.
Bxc3 Rxc3 23. Qd2 Rac8 24. Rfe1 f4 25. Nc2 1-0

[Event "e2e4 Diamond Jubilee Premier"]
[Site "London ENG"]
[Date "2012.06.03"]
[Round "3.21"]
[White "Talbot, Andrew R"]
[Black "Grattage, Matthew"]
[Result "1-0"]
[WhiteElo "2158"]
[BlackElo "2002"]
[WhiteFideId "410403"]
[BlackFideId "423750"]
[EventDate "2012.06.02"]

1. d4 Nf6 2. c4 e6 3. Nc3 b6 4. Nf3 Bb7 5. Bg5 d5 6. cxd5 exd5 7. Bxf6 Qxf6 8.
Qb3 Qd6 9. e4 dxe4 10. Ne5 Qf6 11. Bb5+ c6 12. Bc4 Be7 13. Bxf7+ Kd8 14. Be6 Re8
15. Nf7+ Kc7 16. Nb5+ cxb5 17. Qg3+ Kc6 18. Rc1+ Bc5 19. Qd6# 1-0

[Event "e2e4 Diamond Jubilee Premier"]
[Site "London ENG"]
[Date "2012.06.03"]
[Round "3.22"]
[White "Murphy, Conor E"]
[Black "Josse, Mark"]
[Result "1-0"]
[WhiteElo "1954"]
[BlackElo "2131"]
[WhiteFideId "421669"]
[BlackFideId "414476"]
[EventDate "2012.06.02"]

1. Nf3 c5 2. g3 Nc6 3. Bg2 g6 4. c4 Bg7 5. O-O e5 6. d3 Nge7 7. Nc3 d6 8. Rb1
O-O 9. a3 a5 10. Ne1 Bd7 11. Nc2 a4 12. Ne3 Na5 13. Nxa4 Nxc4 14. dxc4 Bxa4 15.
b3 Bc6 16. Nd5 Nxd5 17. Bxd5 Qc7 18. Qd3 Kh8 19. Rd1 Rfd8 20. Bb2 Rab8 21. a4
Bd7 22. Qf3 f5 23. Rd2 h6 24. h4 Kh7 25. Qc3 h5 26. Rbd1 Be8 27. Bg2 Bc6 28. Bd5
Rd7 29. e3 Rbd8 30. Qc2 Bh6 31. f4 Re8 32. Bxc6 Qxc6 33. Bxe5 Rxe5 34. fxe5
Bxe3+ 35. Kh2 Bxd2 36. Qxd2 Qf3 37. Qd3 Qf2+ 38. Kh3 f4 39. gxf4 Qxf4 40. Rg1
Qf5+ 41. Qxf5 gxf5 42. Rd1 Kg8 43. Rxd6 Re7 44. Rd5 b6 45. Kg3 Rg7+ 46. Kf4 Rg4+
47. Kxf5 Rxh4 48. Rd6 Rh1 49. Rxb6 h4 50. Rh6 Kg7 51. Rh5 h3 52. Kg4 h2 53. Kg3
Rb1 54. Rxh2 Rxb3+ 55. Kf4 Rb4 56. Rc2 Kf7 57. Ke4 Ke6 58. a5 Ra4 59. a6 Rxa6
60. Rh2 Ra1 61. Rh6+ Kd7 62. Kd5 Re1 63. e6+ Ke7 64. Kxc5 Rd1 65. Kc6 Rc1 66. c5
Rd1 67. Kc7 Rc1 68. c6 Rc2 69. Kb7 Rb2+ 70. Kc8 Ke8 71. e7 Kxe7 72. c7 Rb3 73.
Rh4 Rb2 74. Re4+ Kd6 75. Kd8 Kd5 76. Re1 1-0

[Event "e2e4 Diamond Jubilee Premier"]
[Site "London ENG"]
[Date "2012.06.03"]
[Round "3.23"]
[White "Shepherd, David"]
[Black "Jackson, James P"]
[Result "0-1"]
[WhiteElo "1934"]
[BlackElo "2121"]
[WhiteFideId "412023"]
[BlackFideId "416860"]
[EventDate "2012.06.02"]

1. d4 d5 2. Nf3 e6 3. Bf4 c5 4. c3 Nc6 5. e3 Nf6 6. Bd3 Be7 7. Nbd2 Nh5 8. Bg3
h6 9. Bf4 Nxf4 10. exf4 Qb6 11. Qb3 Qc7 12. dxc5 O-O 13. g3 Bxc5 14. O-O Re8 15.
Rae1 b6 16. Ne5 a6 17. Be2 Bb7 18. Bh5 Rf8 19. Qd1 Nxe5 20. fxe5 f6 21. Qe2 Kh8
22. Nf3 a5 23. Nh4 Ba6 24. Ng6+ Kg8 25. Qg4 f5 26. Qf4 Rfe8 27. b4 axb4 28. cxb4
Bxf1 29. Kxf1 Be7 30. Rc1 Qb7 31. Rc2 Rac8 32. Rxc8 Rxc8 33. Qd2 Bg5 34. Qb2 d4
35. f3 d3 36. Qb3 Qd7 37. f4 Bd8 38. Bd1 b5 39. g4 Rc4 40. gxf5 Qd5 41. fxe6
Qh1+ 42. Kf2 Bb6+ 43. Kg3 Qg1+ 0-1

[Event "e2e4 Diamond Jubilee Premier"]
[Site "London ENG"]
[Date "2012.06.03"]
[Round "3.24"]
[White "Taylor, Adam A"]
[Black "Pena Torres, Jose Carlos"]
[Result "0-1"]
[WhiteElo "1869"]
[BlackElo "2105"]
[WhiteFideId "415790"]
[BlackFideId "2206617"]
[EventDate "2012.06.02"]

1. Nf3 Nf6 2. c4 e6 3. g3 b6 4. Bg2 Bb7 5. O-O Be7 6. d3 d6 7. e4 Nbd7 8. Nc3
O-O 9. h3 Ne5 10. Ne1 c5 11. f4 Nc6 12. g4 Nd7 13. Nc2 Rc8 14. Be3 a6 15. Qd2
Bf6 16. Rad1 Bd4 17. Bxd4 Nxd4 18. Nxd4 cxd4 19. Ne2 e5 20. f5 Qh4 21. Rf2 h6
22. Rdf1 Nf6 23. Bf3 Nh7 24. Kg2 Rc6 25. Ng1 Rfc8 26. Bd1 Ng5 27. Kh2 Rxc4 28.
Rg2 Rc1 29. Rg3 Bxe4 30. Qb4 R8c2+ 0-1

[Event "e2e4 Diamond Jubilee Premier"]
[Site "London ENG"]
[Date "2012.06.03"]
[Round "3.25"]
[White "Lee, Kai Jie Edward"]
[Black "Stewart, Ashley"]
[Result "1/2-1/2"]
[WhiteElo "2102"]
[BlackElo "1994"]
[WhiteFideId "5802920"]
[BlackFideId "419001"]
[EventDate "2012.06.02"]

1. e4 c5 2. Nf3 d6 3. d4 cxd4 4. Nxd4 Nf6 5. Nc3 g6 6. Be2 Bg7 7. O-O O-O 8. Be3
Nc6 9. Qd2 d5 10. exd5 Nxd5 11. Nxc6 bxc6 12. Rad1 Be6 13. Bd4 Bxd4 14. Qxd4 Qb6
15. Na4 Qxd4 16. Rxd4 Rab8 17. a3 Bf5 18. c4 e5 19. Rd2 Nf4 20. Rfd1 Nxe2+ 21.
Rxe2 Rfd8 22. Red2 Rxd2 23. Rxd2 Be6 24. c5 Bb3 25. Nc3 Kg7 26. f3 Bc4 27. Kf2
h5 28. Ke3 Be6 29. f4 exf4+ 30. Kxf4 Kf6 31. Ne4+ Ke7 32. b4 a5 33. Rb2 axb4 34.
axb4 f6 35. Nd6 Kd7 36. Ke4 Bd5+ 37. Kd4 Be6 38. g3 Ke7 39. b5 cxb5 40. Nxb5 Bd7
41. Re2+ Kd8 42. Nd6 Rb1 43. Rd2 Kc7 44. Ne4 Rf1 45. Nf2 g5 46. Nd1 Re1 47. Nc3
Bc6 48. Rf2 Re6 49. Rf5 Kd7 50. h4 gxh4 51. gxh4 Ke7 52. Rxh5 Re1 53. Rh7+ Ke6
54. h5 Rh1 55. h6 Rh4+ 56. Kd3 Rh3+ 57. Kc2 Rh5 58. Rc7 Rxc5 59. h7 Rh5 60.
Rxc6+ Kf7 61. Nd5 Rh2+ 62. Kd3 Rxh7 63. Rxf6+ Kg7 64. Rf4 Rh1 65. Ke4 Kg6 66.
Rg4+ Kf7 67. Nf4 Ra1 68. Ne2 Re1 69. Rg2 Ra1 70. Nd4 Ra4 71. Rg5 Ra1 72. Nf3 Ke7
73. Rg6 Ra4+ 74. Nd4 Ra1 75. Rb6 Rh1 76. Nf5+ Kd7 77. Kd5 Rd1+ 78. Nd4 Kc7 79.
Rb2 Rd3 80. Rg2 Rd1 81. Rc2+ Kd7 82. Rc5 Rh1 83. Rc6 Rh5+ 84. Kc4 Rh1 85. Ra6
Ke7 86. Nf5+ Kd7 87. Kd5 Rd1+ 88. Nd4 Ke7 89. Re6+ Kf7 90. Re2 Kf6 91. Ke4 Ra1
92. Kf4 Rf1+ 93. Nf3 Ra1 94. Re4 Rf1 95. Ra4 Rb1 96. Ra6+ Ke7 97. Ng5 Kd7 98.
Ne4 Rh1 99. Ke5 Re1 100. Rd6+ Kc7 101. Rd4 Rh1 102. Nf6 Re1+ 103. Kd5 Rc1 104.
Ne8+ Kb7 105. Rb4+ Ka6 106. Nd6 Ka5 107. Rb8 Rd1+ 108. Kc5 Rc1+ 109. Nc4+ Ka6
110. Rb4 Rh1 111. Ra4+ Kb7 112. Nd6+ 1/2-1/2

[Event "e2e4 Diamond Jubilee Premier"]
[Site "London ENG"]
[Date "2012.06.03"]
[Round "3.26"]
[White "Lalic, Peter D"]
[Black "Taylor, Dale C"]
[Result "1-0"]
[WhiteElo "2097"]
[BlackElo "1990"]
[WhiteFideId "416711"]
[BlackFideId "416410"]
[EventDate "2012.06.02"]

1. d4 c5 2. d5 e5 3. e4 d6 4. c4 Be7 5. h3 Bg5 6. Nd2 Ne7 7. Ngf3 Bh6 8. Nh2 Ng6
9. g3 Na6 10. Ng4 Bxg4 11. hxg4 Bg5 12. a3 Nc7 13. b4 b6 14. Bb2 h6 15. Be2
Bxd2+ 16. Qxd2 Qg5 17. Qc2 Qe7 18. Bc1 f6 19. f4 O-O-O 20. Bf3 Kb8 21. Be3 Qd7
22. Kf2 Ka8 23. Qd3 Na6 24. Bd2 Qc7 25. Ra2 Nb8 26. Be3 Nd7 27. Bd1 Nb8 28. Ba4
Ne7 29. Kg2 Nd7 30. Bd1 Ng6 31. Be2 Rb8 32. Rha1 Rb7 33. Bd1 Ne7 34. b5 Qc8 35.
a4 exf4 36. gxf4 g5 37. a5 Ng6 38. axb6 Nxb6 39. e5 gxf4 40. Qxg6 fxe3 41. exf6
h5 42. g5 h4 43. f7 h3+ 44. Kh1 Nxc4 45. Qf6 Ne5 46. g6 Nxg6 47. Qxg6 Qf8 48. b6
Qxf7 49. Rxa7+ 1-0

[Event "e2e4 Diamond Jubilee Premier"]
[Site "London ENG"]
[Date "2012.06.03"]
[Round "3.27"]
[White "Goodger, Martyn"]
[Black "Taylor, Robert Graham"]
[Result "1-0"]
[WhiteElo "2091"]
[BlackElo "1957"]
[WhiteFideId "408336"]
[BlackFideId "1800841"]
[EventDate "2012.06.02"]

1. e4 c5 2. Nf3 e6 3. c3 d6 4. d4 Nf6 5. Bd3 Nc6 6. O-O Be7 7. e5 Nd5 8. Re1
cxd4 9. exd6 Qxd6 10. cxd4 Nf4 11. Bf1 Ng6 12. Nc3 O-O 13. Be3 Nb4 14. Rc1 Bd7
15. Qb3 Bc6 16. Nd2 Nd5 17. Nde4 Qd8 18. g3 f5 19. Nc5 f4 20. Nxe6 fxe3 21. fxe3
Rxf1+ 22. Kxf1 Qb6 23. Nxd5 Qxb3 24. Nxe7+ Kf7 25. axb3 Bb5+ 26. Kg1 Kxe6 27.
Nxg6 1-0

[Event "e2e4 Diamond Jubilee Premier"]
[Site "London ENG"]
[Date "2012.06.03"]
[Round "3.28"]
[White "Dixit, Kumar"]
[Black "Orishko, Yaroslav"]
[Result "0-1"]
[WhiteElo "1858"]
[BlackElo "2080"]
[WhiteFideId "421103"]
[BlackFideId "14102919"]
[EventDate "2012.06.02"]

1. d4 d5 2. Nf3 Nf6 3. c4 c6 4. Nc3 a6 5. c5 g6 6. Bf4 Bg7 7. e3 Nh5 8. Bg5 h6
9. Bh4 g5 10. Bg3 Nd7 11. Be5 Nhf6 12. Be2 O-O 13. Bxf6 Bxf6 14. Qc2 e5 15. h4
g4 16. Ng5 e4 17. Ncxe4 dxe4 18. Qxe4 Bxg5 19. hxg5 Qxg5 20. Qxg4 Qxg4 21. Bxg4
Kg7 22. Ke2 Nf6 23. Bxc8 Raxc8 24. f3 Rcd8 25. g3 Rfe8 26. Rad1 Nd5 27. e4 f5
28. Kd3 fxe4+ 29. fxe4 Nf6 30. Rhe1 Ng4 31. Rf1 Kg6 32. Rf4 h5 33. Rdf1 Re7 34.
b4 Red7 35. e5 Nxe5+ 36. Kc3 Ng4 37. Re4 Rf7 38. Re6+ Rf6 39. Rfxf6+ Nxf6 40.
Kc4 Kf7 41. Rd6 Rxd6 42. cxd6 Ke6 0-1

[Event "e2e4 Diamond Jubilee Premier"]
[Site "London ENG"]
[Date "2012.06.03"]
[Round "3.29"]
[White "Kuhendiran, Tharshan"]
[Black "Bennett, Dominic L"]
[Result "0-1"]
[WhiteElo "1778"]
[BlackElo "2072"]
[WhiteFideId "423777"]
[BlackFideId "416657"]
[EventDate "2012.06.02"]

1. f4 c5 2. e4 d5 3. e5 Bf5 4. Bb5+ Nc6 5. Bxc6+ bxc6 6. Nf3 e6 7. O-O h6 8. c3
Bd3 9. Re1 Ne7 10. a3 Nf5 11. b4 g5 12. g4 Ne7 13. fxg5 Ng6 14. Kh1 h5 15. Rg1
c4 16. a4 Nf4 17. Qe1 Be4 18. Qe3 Nd3 19. gxh5 Rxh5 20. Rf1 Rxg5 21. Na3 Rg6 22.
Nc2 Bh6 23. Qe2 Nf4 24. Qd1 Nh3 0-1

[Event "e2e4 Diamond Jubilee Premier"]
[Site "London ENG"]
[Date "2012.06.03"]
[Round "3.30"]
[White "Bhatia, Kanwal K"]
[Black "Neatherway, A Philip"]
[Result "1-0"]
[WhiteTitle "WFM"]
[WhiteElo "2064"]
[BlackElo "1926"]
[WhiteFideId "407496"]
[BlackFideId "418854"]
[EventDate "2012.06.02"]

1. e4 d5 2. exd5 Qxd5 3. d4 Nc6 4. Nf3 Bg4 5. Be2 O-O-O 6. Be3 Nf6 7. O-O e6 8.
c3 Be7 9. b4 Ne4 10. h3 h5 11. Qa4 g5 12. b5 Nb8 13. hxg4 hxg4 14. Ne5 Rdf8 15.
Bxg4 f5 16. Bf3 Rh6 17. g3 Bf6 18. Qa3 Rg8 19. c4 Qd8 20. Nf7 Qe8 21. Nxh6 Rh8
22. Rd1 Rxh6 23. Nd2 1-0

[Event "e2e4 Diamond Jubilee Premier"]
[Site "London ENG"]
[Date "2012.06.03"]
[Round "3.31"]
[White "Kalaiyalahan, Akshaya"]
[Black "Mihajlov, Sebastian"]
[Result "0-1"]
[WhiteElo "1646"]
[BlackElo "2064"]
[WhiteFideId "422894"]
[BlackFideId "1512110"]
[EventDate "2012.06.02"]

1. c4 c6 2. Nc3 d5 3. cxd5 cxd5 4. d4 Nf6 5. Nf3 Nc6 6. g3 Bf5 7. a3 e6 8. Bg2
Bd6 9. O-O O-O 10. Nh4 Bg4 11. h3 Bh5 12. Qd3 Rc8 13. Bg5 h6 14. Be3 Nd7 15.
Rac1 Be7 16. Nf3 Nb6 17. Rcd1 Nc4 18. Qb1 Bg6 19. Qa2 Nxe3 20. fxe3 Bd6 21. g4
Na5 22. Nd2 Qg5 23. e4 Qe3+ 24. Kh1 dxe4 25. Ndxe4 Rxc3 26. bxc3 Bxe4 27. Bxe4
Qxh3+ 28. Kg1 Qh2# 0-1

[Event "e2e4 Diamond Jubilee Premier"]
[Site "London ENG"]
[Date "2012.06.03"]
[Round "3.32"]
[White "Hegarty, Sarah N"]
[Black "Pattni, Kishan"]
[Result "1-0"]
[WhiteTitle "WFM"]
[WhiteElo "2062"]
[BlackElo "1736"]
[WhiteFideId "2501465"]
[BlackFideId "420751"]
[EventDate "2012.06.02"]

1. e4 c5 2. Nf3 Nc6 3. d4 cxd4 4. Nxd4 g6 5. Nxc6 bxc6 6. Qd4 f6 7. Bc4 Qb6 8.
Qd3 Nh6 9. O-O Ng4 10. Bf4 Bg7 11. Nc3 d6 12. h3 Ne5 13. Bxe5 fxe5 14. a3 Rf8
15. b4 Rf6 16. b5 Be6 17. bxc6 Bxc4 18. Qxc4 Rf7 19. Nd5 Qa5 20. c7 Rc8 21. Qc6+
Kf8 22. Qd7 1-0

[Event "e2e4 Diamond Jubilee Premier"]
[Site "London ENG"]
[Date "2012.06.03"]
[Round "3.33"]
[White "Tasker, Michael W"]
[Black "Taylor, Adam C"]
[Result "1-0"]
[WhiteElo "2098"]
[BlackElo "1948"]
[WhiteFideId "408271"]
[BlackFideId "424668"]
[EventDate "2012.06.02"]

1. d4 e6 2. Nf3 f5 3. g3 Nf6 4. Bg2 Be7 5. O-O O-O 6. c4 d6 7. b3 Qe8 8. Bb2 Ne4
9. Nbd2 Nxd2 10. Nxd2 Bf6 11. e4 e5 12. dxe5 Bxe5 13. Bxe5 Qxe5 14. exf5 Qxf5
15. Be4 Qf6 16. Bd5+ Kh8 17. Ne4 Qh6 18. Nc3 Nd7 19. f4 Nf6 20. Bf3 a6 21. Re1
Qg6 22. Re7 Rf7 23. Rxf7 Qxf7 24. Qd2 Rb8 25. Re1 Bg4 26. Bg2 b6 27. Nd5 Re8 28.
Nxf6 gxf6 29. Bd5 Qh5 30. Re3 Bd7 31. Qd4 Kg7 32. Bf3 Qg6 33. Rxe8 Qxe8 34. Kf2
Qg6 35. Be4 Qh5 36. h4 Qa5 37. Bb1 Qc5 38. Qxc5 dxc5 39. f5 h6 40. Ke3 Kf7 41.
Be4 a5 42. Kf4 a4 43. g4 axb3 44. axb3 Kg7 45. Bd5 Be8 46. Bb7 Bd7 47. g5 fxg5+
48. hxg5 hxg5+ 49. Kxg5 c6 50. Ba8 Kf7 51. f6 b5 52. Bb7 Be6 53. Ba6 bxc4 54.
Bxc4 Bd5 55. Kf5 Bxc4 56. bxc4 Kf8 57. Ke6 Ke8 58. Kd6 Kf7 59. Kxc5 Kxf6 60.
Kxc6 1-0

[Event "e2e4 Diamond Jubilee Premier"]
[Site "London ENG"]
[Date "2012.06.03"]
[Round "3.34"]
[White "Byron, Alan M"]
[Black "Savage, Nicholas W"]
[Result "1-0"]
[WhiteElo "2179"]
[BlackElo "2072"]
[WhiteFideId "401773"]
[BlackFideId "417157"]
[EventDate "2012.06.02"]

1. e4 e5 2. Nf3 Nc6 3. Bb5 Nf6 4. d3 d6 5. h3 g6 6. c3 Bg7 7. Bg5 h6 8. Be3 O-O
9. Nbd2 Qe7 10. Qc2 Bd7 11. Ba4 d5 12. Bb3 dxe4 13. dxe4 Na5 14. Ba4 b5 15. Bb3
Bc6 16. O-O Rfd8 17. Rad1 a6 18. Qb1 Nxb3 19. axb3 a5 20. Qc2 Bb7 21. Ra1 c5 22.
Rfe1 Qc7 23. Nh2 Bc8 24. c4 b4 25. Ndf1 Nh5 26. Rad1 Be6 27. Bc1 f5 28. Ne3 f4
29. Rxd8+ Rxd8 30. Nd5 Qf7 31. Qe2 Nf6 32. Nf3 Nh7 33. Rd1 g5 34. Ne1 h5 35. Nd3
g4 36. hxg4 hxg4 37. Nxc5 Ng5 38. Nxe6 Nxe6 39. Qxg4 Nd4 40. Bxf4 exf4 41. Rxd4 1-0

[Event "e2e4 Diamond Jubilee Premier"]
[Site "London ENG"]
[Date "2012.06.03"]
[Round "3.35"]
[White "Donovan, Nigel P"]
[Black "Akhanov, Dauren"]
[Result "1-0"]
[WhiteElo "2033"]
[BlackElo "2149"]
[WhiteFideId "403822"]
[BlackFideId "13704079"]
[EventDate "2012.06.02"]

1. e4 c5 2. Nf3 e6 3. d3 Nc6 4. g3 d5 5. Nbd2 b6 6. Bg2 Nf6 7. O-O Be7 8. Re1
O-O 9. e5 Nd7 10. h4 Qc7 11. Qe2 Ba6 12. Nf1 Nd4 13. Nxd4 cxd4 14. Bf4 Rfc8 15.
Rac1 Nc5 16. Qg4 h5 17. Qxh5 Na4 18. Nh2 Nxb2 19. Ng4 Qc5 20. Bg5 Na4 21. Nf6+
Bxf6 22. exf6 g6 23. Qg4 Re8 24. Re5 Qc7 25. Bf4 Qd8 26. Qg5 Nc5 27. Ree1 Nd7
28. Be5 Kh7 29. h5 Rg8 30. Bf3 Qf8 31. Bf4 e5 32. Bd2 Nc5 33. Kg2 Ne6 34. hxg6+
Rxg6 35. Rh1+ Kg8 36. Qh5 1-0

[Event "e2e4 Diamond Jubilee Premier"]
[Site "London ENG"]
[Date "2012.06.03"]
[Round "3.36"]
[White "Burrows, Martin P"]
[Black "Phillips, Owen S"]
[Result "1-0"]
[WhiteElo "2134"]
[BlackElo "1959"]
[WhiteFideId "409057"]
[BlackFideId "417882"]
[EventDate "2012.06.02"]

1. e4 e6 2. d4 d5 3. Nc3 dxe4 4. Nxe4 Nf6 5. Nxf6+ gxf6 6. g3 Bd7 7. Bg2 Bc6 8.
Nf3 Nd7 9. O-O Bg7 10. c4 Nb6 11. d5 exd5 12. Re1+ Kf8 13. c5 Nd7 14. Be3 Ne5
15. Nd4 Qd7 16. Qc2 h5 17. Nf5 h4 18. Bd4 h3 19. Bh1 Rh5 20. Nxg7 Kxg7 21. f4
Ng6 22. Bf3 Rh7 23. Qc3 Qf5 24. Bd1 Rg8 25. Bc2 Qg4 26. f5 Ne5 27. Bxe5 fxe5 28.
Qxe5+ f6 29. Qe7+ Kh8 30. Qxf6+ Qg7 31. Qxg7+ Rhxg7 32. Rad1 Rxg3+ 33. hxg3
Rxg3+ 34. Kh2 Rg2+ 35. Kxh3 Rxc2 36. b4 a6 37. Re7 Rxa2 38. Kg4 Rg2+ 39. Kf4 Rh2
40. Kg5 Kg8 41. Rxc7 Kf8 42. Rd4 Ke8 43. Kf6 1-0